Teams, Markets and Systems. (Record no. 2265)

MARC details
000 -LEADER
fixed length control field 00605nam a22001937a 4500
003 - CONTROL NUMBER IDENTIFIER
control field OSt
005 - DATE AND TIME OF LATEST TRANSACTION
control field 20211026121724.0
008 - FIXED-LENGTH DATA ELEMENTS--GENERAL INFORMATION
fixed length control field 150916b xxu||||| |||| 00| 0 eng d
020 ## - INTERNATIONAL STANDARD BOOK NUMBER
International Standard Book Number 052157465X
040 ## - CATALOGING SOURCE
Transcribing agency DDC
082 ## - DEWEY DECIMAL CLASSIFICATION NUMBER
Classification number 338.7CIB 1993
100 ## - MAIN ENTRY--PERSONAL NAME
Personal name Ciborra, Claudio;
9 (RLIN) 5742
245 ## - TITLE STATEMENT
Title Teams, Markets and Systems.
Remainder of title Business innovation and information technology.
Statement of responsibility, etc. Edited by Ciborra,Claudio U.;
260 ## - PUBLICATION, DISTRIBUTION, ETC. (IMPRINT)
Place of publication, distribution, etc. UK.
Date of publication, distribution, etc. 1993
Name of publisher, distributor, etc. Cambridge University Press;
300 ## - PHYSICAL DESCRIPTION
Extent xix,250p;
Other physical details ill:
Dimensions 23cm
504 ## - BIBLIOGRAPHY, ETC. NOTE
Bibliography, etc Includes; references and index.
650 ## - SUBJECT ADDED ENTRY--TOPICAL TERM
Topical term or geographic name as entry element Business Information
9 (RLIN) 5743
942 ## - ADDED ENTRY ELEMENTS (KOHA)
Source of classification or shelving scheme Dewey Decimal Classification
Koha item type Open Shelf
Holdings
Withdrawn status Lost status Source of classification or shelving scheme Damaged status Not for loan Home library Current library Date acquired Source of acquisition Inventory number Total Checkouts Full call number Barcode Date last seen Koha item type Price effective from
    Dewey Decimal Classification     MUST Main Library MUST Main Library 16/09/2015   14/38248   302.3 CIB 1993 2015-2261 16/09/2015 Open Shelf  
    Dewey Decimal Classification     MUST Main Library MUST Main Library 26/10/2021 Purchase 14/382486   338.7CIB 1993 2021-1552 26/10/2021 Open Shelf 26/10/2021